Loading...
| Current Events | 4 | 10.00 | 75% | 50% | 0% |
| Fine Arts - Classical Music | 8 | 12.50 | 100% | 38% | 25% |
| Fine Arts - Other Fine Arts | 8 | 17.50 | 100% | 75% | 0% |
| Fine Arts - Painting & Sculpture | 10 | 12.00 | 70% | 30% | 20% |
| Geography | 1 | 10.00 | 100% | 0% | 0% |
| History - American History | 10 | 18.00 | 100% | 80% | 20% |
| History - European History | 7 | 15.71 | 100% | 43% | 14% |
| History - Other History | 7 | 17.14 | 100% | 71% | 0% |
| History - World History | 12 | 13.33 | 92% | 42% | 0% |
| Literature - American Literature | 7 | 15.71 | 100% | 57% | 0% |
| Literature - British Literature | 10 | 14.00 | 90% | 50% | 0% |
| Literature - European Literature | 4 | 20.00 | 100% | 100% | 0% |
| Literature - World Literature | 13 | 17.69 | 100% | 69% | 8% |
| Mythology | 5 | 14.00 | 100% | 20% | 20% |
| Other Academic | 8 | 16.25 | 100% | 63% | 0% |
| Philosophy | 6 | 13.33 | 100% | 33% | 0% |
| Religion | 9 | 15.56 | 100% | 44% | 11% |
| Science - Biology | 8 | 12.50 | 100% | 25% | 0% |
| Science - Chemistry | 12 | 17.50 | 100% | 58% | 17% |
| Science - Other Science | 9 | 8.89 | 78% | 11% | 0% |
| Science - Physics | 10 | 12.00 | 90% | 30% | 0% |
| Social Science | 11 | 19.09 | 100% | 73% | 18% |